00549nam a22001697a 450000500170000001000150001702000260003203500140005803700140007208200150008610000210010124500530012225000060017526000730018127001060025430000190036020251208121826.0 aENG-147292 c500.00a9789351563273 aEN-130824 bDBADaDPL a181.43221 aThakore, Yashoda aKaivalya:bJoy in Yoga & Dance/cYashoda Thakore a1 bDeccan Archaeological & Cultural Research InstituteaHyderabadc2022 aPlot No. 502, Padmavathi Residency Saleemnagar Colonu, Malakpet bHyderabade500036 a94p.c24cm(pb)